|
|
|
|
| LEADER |
00621nam a2200169Ia 4500 |
| 008 |
160114b xxu||||| |||| 00| 0 eng d |
| 020 |
|
|
|c 500
|a 8170003032
|
| 082 |
|
|
|a 025.002
|
| 100 |
|
|
|a Vasanth, N.
|
| 245 |
|
|
|a Software packages for library automation /
|c By N. Vasanth and Mahesh V. Mudhol
|
| 260 |
|
|
|a Delhi :
|b Ess Ess Publications,
|c 2000.
|
| 300 |
|
|
|a 189 p.
|
| 653 |
|
|
|a Library computerisation
|
| 700 |
|
|
|a Mudhol, Mahesh V.
|
| 942 |
|
|
|c REF
|
| 999 |
|
|
|c 143497
|d 143497
|
| 952 |
|
|
|0 0
|1 0
|4 0
|6 025_002000000000000_VAS_S
|7 0
|9 152708
|a LIS
|b LIS
|c REF
|d 2006-04-05
|g 500.00
|i 02107
|l 0
|o 025.002 VAS/S
|p LIS2107
|r 2016-07-26
|w 2016-07-26
|y REF
|